| 000 | 01042cam a22002651 4500 | ||
|---|---|---|---|
| 001 | e 38000257 | ||
| 003 | DLC | ||
| 005 | 20260227111227.0 | ||
| 008 | 800211s1938 ilua 000 0 eng c | ||
| 010 | _ae 38000257 | ||
| 035 | _a(OCoLC)5970458 | ||
| 040 |
_aU.S. Off. of Educ. Library _cICSU _dDLC |
||
| 042 | _apremarc | ||
| 043 | _an-us-il | ||
| 050 | 0 | 0 |
_aLA267 _b.I47 |
| 110 | 2 |
_aIllinois Education Association. _bDepartment of Research and Statistics. |
|
| 245 | 1 | 0 | _aOur children's opportunities--in relation to school costs. |
| 260 |
_aSpringfield, Ill. _bDept. of Research, Illinois Education Association, _c1938. |
||
| 300 |
_a1 p. l., 45 p. _bincl. illus., tables, diagrs. _c23 cm. |
||
| 500 | _a"Study ... [of] the educational offering and environment of elementary school children in relation to the expenditure level ... [in] twenty-four small city school systems."--Foreword. | ||
| 650 | 0 | _aEducation. | |
| 650 | 0 |
_aEducation _zIllinois _xFinance. |
|
| 650 | 0 | _aEducational surveys. | |
| 650 | 0 |
_aEducation _zIllinois. |
|
| 999 |
_c21605 _d21605 |
||